000
00257nam a22001217a 4500
008
181030b xxu||||| |||| 00| 0 eng d
041
_a
eng
080
_a
210
100
_a
24
101
_a
TEO
245
_a
The Master Library
_c
Lord,V.O
942
_2
udc
_c
BK
999
_c
51102
_d
51102